Los Santos Evangelios de N. S. Jesucristo

Gardado en:
Detalles Bibliográficos
Autor Principal: Martín Nieto, Evaristo (autor)
Formato: Libro
Idioma:Lingua castelá
Publicado: Ciudad de México Ediciones Paulinas S. A 1988
Edición:30a. ed
Subjects:
Tags: Engadir etiqueta
Sen Etiquetas, Sexa o primeiro en etiquetar este rexistro!

MARC

LEADER 00000cam a2200000 a 4500
001 UCF5846
003 CL-VaPUC
008 130328e19880000MX |||||||||||||||||spa|d
082 0 4 |a 226  |b MAR  |2 21 
100 |a Martín Nieto, Evaristo  |e autor  |9 567825 
245 1 4 |a Los Santos Evangelios de N. S. Jesucristo 
250 |a 30a. ed 
300 |a 319 p 
942 |c BK 
945 |d 20130328 00:00:00  |a dcastane 
260 |a Ciudad de México  |b Ediciones Paulinas S. A  |c 1988 
600 0 |a Jesús  |9 313614 
650 0 |a Nuevo testamento  |9 257604 
650 0 |a Evangelios  |9 314864 
583 |a last modification  |c 20130328 10:53:00  |k Rodrigo Vera 
999 |c 351245  |d 351243 
952 |0 0  |1 2  |4 0  |6 226_000000000000000_MAR_1988  |7 0  |8 A  |9 455248  |a BIBTEO  |b BIBTEO  |d 2019-11-22  |i 4947800  |o 226 MAR 1988  |p 4947800  |r 2019-11-22  |w 2019-11-22  |x Descarte 2019  |y BK  |k ICR